000
002680000a22000970004500
100
1
_a
Huegel, Joel
245
1
0
_a
Reflections on romance and the cross
300
_a
Vol. 77, Num 3 (Julio-Septiembre, 1997), Páginas 6-8
773
0
_t
Latin America Evangelist
942
_c
ANA
999
_c
55086
_d
55086